Reyes de España por imagen - Estadísticas

Estadísticas generales
  • Esta prueba ha sido intentada 948 veces
  • La puntuación promedio es 13 de 16
Estadísticas de respuestas
Imagen Respuesta % Correcto
Felipe VI
99%
Juan Carlos I
99%
Isabel II
91%
Alfonso XIII
88%
Felipe II
86%
Carlos II
85%
Fernando VII
83%
Carlos III
82%
Carlos IV
79%
Felipe IV
76%
Alfonso XII
74%
Carlos I
74%
Felipe V
72%
Felipe III
69%
Amadeo I
68%
Fernando VI
47%
No se encontraron pruebas coincidentes
Distribución de puntuación
Porcentaje de gente con cada puntuación
Porcentaje por número respondido
Historial de tus puntuaciones
No has intentado esta prueba.